Terrorismo y exterior /

Պահպանված է:
Մատենագիտական մանրամասներ
Հիմնական հեղինակ: Montemayor, Carlos
Ձևաչափ: Տեքստ
Խորագրեր:
Ցուցիչներ: Ավելացրեք ցուցիչ
Չկան պիտակներ, Եղեք առաջինը, ով նշում է այս գրառումը!

MARC

LEADER 00000 a a2200000 04500
001 2666
003
040
100 |a Montemayor, Carlos  
245 |a Terrorismo y exterior /  |c Carlos Montemayor 
650 |a TERRORISMO  
773 |g volumen 42, número 225; páginas 31-32  
999 |c 39877  |d 39877